Datum a čas kvízu

34.5 Celkem bodů Celkový počet nahraných bodů na tomto kvízu bez doplňovacích otázek.
3. Pořadí na kvízu Konečné umístění týmu na tomto kvízu.

Zaznamenané odpovědi

# Otázka Odpověď Body Výsledky
1. Uveďte jméno muže, který má v... Miroslav Hlaváč 1
2. Dva albínští buvoli z Bangladé... Donald Trump, Benjamin Netanjahu 1
3. Který z těchto amerických mode... A 1
4. Jedna známá česká firma ve stř... Kofola 1
5. Brit Simon Fannon zaběhl trať... A) pletení šály 1
6. Téma začneme blbounem nejapným... Nizozemci (Holanďané) 0
7. Na které fotografii je tetluch... A) 0
8. Pro označení osla se dnes v an... ass 1
9. U angličtiny ještě zůstaneme.... sýkora koňadra 1
10. Poslední název je spíše roztom... střevíčník pantoflíček 0